Statystyki dla Państwa na literę M

Kliknij tutaj aby rozwiązać quiz!

Ogólne statystyki

  • Ten quiz został rozwiązany 15 593 razy
    (10 619 od ostatniego zresetowania)
  • Średni wynik to 11 z 17

Statystyki odpowiedzi

Kraj% Poprawnych
Macedonia Północna
76%
Meksyk
75%
Monako
73%
Maroko
72%
Mołdawia
72%
Malezja
71%
Mongolia
70%
Malta
69%
Madagaskar
64%
Mali
62%
Mauretania
60%
Malediwy
58%
Mozambik
58%
Mikronezja
52%
Mauritius
46%
Mjanma
38%
Malawi
38%

Rozkład punktacji

Percentyl według liczby udzielonych odpowiedzi

Procent ludzi z każdym wynikiem

Twoja historia wyników

Nie rozwiązałeś tego quizu od ostatniego zresetowania